000
00236nam a2200109Ia 4500
008
190216s9999||||xx |||||||||||||| ||und||
100
_a
Sarah Thomas
245
0
_a
Daiva Makkal
260
_b
Nbs Kottayam
650
_a
Novel
942
_c
BK
999
_c
26130
_d
26130